00401nam a2200181Ia 4500003000900000008004100009040001300050040001300063041000800076100001900084245003800103250002100141260002100162260000900183300001100192300001000203490000600213IT-RoPAU120407s9999 xx 000 0 und d aIT-RoPAU cIT-RoPAU afra aFulton Oursler aLa vie passionnée du Galiléen aParis - Verviers aSeghers - Gerard c1955 a375 p. c21 cm v1